ABC Capitals World Quiz - Fill in the Capitals - Statistics

General Stats
  • This quiz has been taken 18 times
  • The average score is 13 of 24
Answer Stats
Hint Answer % Correct
O Oslo
88%
P Paris
88%
A Amsterdam
82%
Z Zagreb
76%
H Helsinki
76%
L London
76%
M Madrid
71%
R Rome
71%
S Stockholm
71%
W Warsaw
71%
U Ulaanbaatar
59%
V Vienna
59%
D Dublin
53%
K Kiev
53%
Q Quito
53%
T Tallinn
47%
B Budapest
41%
C Chisinau
41%
I Islamabad
35%
J Jerusalem
35%
N Nicosia
29%
Y Yaoundé
29%
F Freetown
18%
G Guatemala City
12%
No matching quizzes found
Score Distribution
Percent of People with Each Score
Percentile by Number Answered
Your Score History
You have not taken this quiz